| 000 | nam a22 a 4500 | ||
|---|---|---|---|
| 999 |
_c56442 _d56442 |
||
| 003 | BLK | ||
| 005 | 20230329115943.0 | ||
| 008 | 180408b bul|||||r ||||||| ||bul|| | ||
| 010 | _aKNG00060423000 | ||
| 020 | _a954-420-101-7 | ||
| 040 | _aBLK | ||
| 041 |
_aBUL _cBUL |
||
| 080 |
_aСърдечни болести - ревмокардит, пороци на сърцето, капково сърце, кардиоптоза(висящо сърце), хипертрофия на сърцето, перикардит и др. _b616.12 _x-073.97-53.2 _z616.12-073.97-53.2 |
||
| 100 | 1 |
_aВелковски, Иван _eпърви автор _9286877 |
|
| 139 | _aВелковски, Иван и др. | ||
| 245 | 1 | 0 |
_aЕхокардиография в детската възраст _bМоногр. _cИван Велковски; съавт. Никола Арнаудов; ред. Дария Величкова. |
| 257 | _aBGR | ||
| 260 |
_aСофия _bМедицина и физкултура _c1992 |
||
| 300 |
_a207 с. _c24 см |
||
| 380 | _a61 | ||
| 700 | 1 |
_aАрнаудов, Никола _eсъавт. _9286878 |
|
| 700 | 1 |
_aВеличкова, Дария _eред. _9286879 |
|
| 852 |
_aЦб 171642 _bЦб |
||
| 856 | 4 |
_qpdf _i0.00 _ldisable |
|
| 856 | 4 |
_qpdf _i0.00 _ldisable |
|
| 942 |
_cKNG _n0 _s1 |
||
| 944 |
_aCR _c13.06.2004 _kЧиталня |
||
| 944 |
_aED _c26.08.2016 _kНора_Радева |
||
| 999 | _d56442 | ||